000 00359nam a22001337a 4500
005 20240820123714.0
008 170823b xxu||||| |||| 00| 0 eng d
041 _aeng
100 _aKumar, Dr Rajendra
_93894
245 _aIntellectual Property Rights (Principles & Procesdures
260 _aMeerut
_bRama Publishing House
_c2017
300 _a368
942 _cBK
999 _c5528
_d5526